Language Quiz

Random Language or French Quiz

French IR Verbs Quiz Stats

 Plays Quiz not verified by Sporcle

Score 0/22 Timer 05:00
0 Plays Today
Hint Answer % Correct
to finishfinir
100%
to choosechoisir
96.7%
to obeyobéir
72.8%
to gain weightgrossir
71.7%
to blush/turn redrougir
70.7%
to punishpunir
68.5%
to yellow/turn yellowjaunir
65.2%
to whiten/to bleachblanchir
64.1%
to get taller/biggergrandir
64.1%
to abolishabolir
57.6%
to succeedréussir
57.6%
Hint Answer % Correct
to palepâlir
56.5%
to buildbâtir
56.5%
to establishétablir
56.5%
to fillremplir
56.5%
to lose weightmaigrir
55.4%
to demolishdémolir
55.4%
to reflect/thinkréfléchir
54.3%
to disobeydésobéir
53.3%
to blacken/ turn blacknoircir
50%
to applaud/clapapplaudir
40.2%
to seizesaisir
31.5%

You're not logged in!

Compare scores with friends on all Sporcle quizzes.
OR
Log In

Show Comments

Extras

Created Feb 4, 2014ReportNominate
Tags:French Quiz, verb

Top Quizzes Today


Score Distribution

Your Account Isn't Verified!

In order to create a playlist on Sporcle, you need to verify the email address you used during registration. Go to your Sporcle Settings to finish the process.

Report this User

Report this user for behavior that violates our Community Guidelines.

Details: